Podstata novej úrovne efektívnosti v súčasnom období vývoja globálneho hospodárstva

Hodnotenie novej úrovne efektívnosti terajšieho vývoja efektívnosti využívania produktívnych faktorov globálneho hospodárstva.

Gespeichert in:
Bibliographische Detailangaben
1. Verfasser: Balhar, Víťazoslav
Format: Buchkapitel
Sprache:Slowakisch
Schlagworte:
Tags: Tag hinzufügen
Keine Tags, Fügen Sie das erste Tag hinzu!

MARC

LEADER 00000naa a2200000 4500
001 0120953
005 20240502072354.9
041 0 |a slo 
044 |a SK 
245 1 0 |a Podstata novej úrovne efektívnosti v súčasnom období vývoja globálneho hospodárstva  |c Víťazoslav Balhar 
520 |a Hodnotenie novej úrovne efektívnosti terajšieho vývoja efektívnosti využívania produktívnych faktorov globálneho hospodárstva. 
610 2 0 |a globalizácia hospodárstva 
610 2 0 |a kríza hospodárska 
610 2 0 |a politika medzinárodná 
610 2 0 |a teórie ekonomické 
610 2 0 |a reformy hospodárske 
610 2 0 |a efektívnosť ekonomická 
610 2 0 |a faktory rastu hospodárskeho 
100 1 |a Balhar, Víťazoslav